000 00305nam a22001337a 4500
008 171020b xxu||||| |||| 00| 0 eng d
020 _a9780619215293
041 _aeng
080 _25TH
_a338
100 _a54
101 _aMEN
245 _aCONCEPTS OF DATABASE MANAGEMENT
_cPRATT,P.J
942 _2udc
_cBK
999 _c35210
_d35210